00492nam a2200193 a 4500001001300000003000900013005001700022008004100039020001000080082001900090100001500109245004700124260004200171300000900213500003500222505001000257650001600267700001500283nice12345678IN_TiNIC20260116013517.0050524s1985 dela grp 000 0 eng  ac25000a305.50954bGUP aGupta, S K aScheduled Castes in Modern Indian Politics aDelhibMunshiram Manoharlal Pubc1985 a355p aincludes index and biblioraphy2 aIndex aCaste-India1 aGupta, S K